书目信息 |
| 题名: |
暖通空调
|
|
| 作者: | 陆亚俊 主编 | |
| 分册: | ||
| 出版信息: | 北京 中国建筑工业出版社 2002.06 |
|
| 页数: | 377页 | |
| 开本: | 26cm | |
| 丛书名: | 高等学校给水排水工程专业指导委员会规划推荐教材 | |
| 单 册: | ||
| 中图分类: | TU83 | |
| 科图分类: | ||
| 主题词: | 建筑--空气调节设备 , 建筑--通风设备 , 建筑 , 空气调节设备 , 采暖设备 , 建筑--采暖设备 | |
| 电子资源: | ||
| ISBN: | 7-112-04850-8 | |
| 000 | 00947nam2 2200313 45 | |
| 001 | 012004000000 | |
| 005 | 20041201101416.67 | |
| 010 | @a7-112-04850-8@dCNY 38.00 | |
| 066 | 0 | @a通风设备 |
| 100 | @a20041009e2002 em y0chiy0121 ea | |
| 101 | 0 | @achi |
| 102 | @aCN@b110000 | |
| 105 | @aak z 000yy | |
| 200 | 1 | @a暖通空调@Anuan tong kong tiao@f陆亚俊主编@Flu ya jun zhu bian |
| 210 | @a北京@c中国建筑工业出版社@d2002.06@d2003重印 | |
| 215 | @a377页@c图, 表格@d26cm | |
| 225 | 2 | @a高等学校给水排水工程专业指导委员会规划推荐教材 |
| 300 | @a普通高等教育土建学科专业“十五”规划教材 | |
| 410 | 0 | @12001 @a高等学校给水排水工程专业指导委员会规划推荐教材 |
| 606 | 0 | @a建筑@x空气调节设备 |
| 606 | 0 | @a建筑@x通风设备 |
| 606 | 0 | @a建筑 |
| 606 | 0 | @a空气调节设备 |
| 606 | 0 | @a采暖设备 |
| 606 | 0 | @a建筑@x采暖设备 |
| 690 | @aTU83@v4 | |
| 701 | 0 | @a陆亚俊@Alu ya jun@4主编 |
| 801 | 0 | @aCN@bNLC@c20041201 |
| 905 | @a10447@dTU83@eL860 | |
| 暖通空调/陆亚俊主编.-北京:中国建筑工业出版社,2002.06,2003重印 |
| 377页:图, 表格;26cm.-(高等学校给水排水工程专业指导委员会规划推荐教材) |
| 普通高等教育土建学科专业“十五”规划教材 |
| ISBN 7-112-04850-8:CNY 38.00 |
| ● |
| 相关链接 |
|
|
|
正题名:暖通空调
索取号:TU83/L860
 
预约/预借
| 序号 | 登录号 | 条形码 | 馆藏地/架位号 | 状态 | 备注 |
| 1 | 428983 | 204289830 | 建筑库201/201建筑库 51排2列2层/ [索取号:TU83/L860] | 在馆 | |
| 2 | 428984 | 204289849 | 建筑库201/201建筑库 51排2列2层/ [索取号:TU83/L860] | 在馆 | |
| 3 | 428985 | 204289858 | 建筑库201/201建筑库 51排2列2层/ [索取号:TU83/L860] | 在馆 |